Greatest video hits 1.

Gorde:
Xehetasun bibliografikoak
Formatua: Diapositiba
Hizkuntza:ingelesa
Argitaratua: E.U. : EMI Records, [2002]
Edizioa:Completely restored and remixed
Etiketak: Etiketa erantsi
Etiketarik gabe, Izan zaitez lehena erregistro honi etiketa jartzen!

MARC

LEADER 00000ngm a22000007ic4500
001 IT\ICCU\UBO\2848030
003 ItRI
005 20260124182922.0
008 051107s2002 un |||||||||||||||k|||||c
040 |b ita 
041 7 |a eng  |2 ISO-639-2 
245 0 0 |a Greatest video hits 1. 
250 |a Completely restored and remixed 
260 |a E.U. :  |b EMI Records,  |c [2002] 
300 |a 1 DVD :  |b color., son. (Surround sound 5.1) ;  |c 12 cm 
500 |a Privo del codice area 
500 |a Descrizione basata sul contenitore. 
773 0 |w IT\ICCU\MOD\0859875  |t Greatest video hits 1  |g 1 
942 |2 ddc  |c VM  |n 0 
952 |0 0  |1 0  |4 0  |6 VO_1018_000000000000000  |7 0  |9 28062  |a BO  |b BO  |d 2026-01-24  |i 8245  |l 0  |o VO 1018  |p BO8245  |r 2026-01-24 18:29:22  |w 2026-01-24  |x [Sebina 5] [DVD 1]  |y VM  |z DVD 1 
981 1 |6 z01  |a b   |b xa2e  
982 1 |6 z01  |a g 
999 |c 23786  |d 23786